Grupo Frontera Charting Songs (Billboard Hot 100) - Statistics

General Stats
  • This quiz has been taken 68 times
    30 since last reset
  • The average score is 5 of 9
Answer Stats
Album Weeks On Peak Artist(s) Song % Correct
No Se Va (En Vivo) and El Comienzo 20 Weeks #57 Grupo Frontera No Se Va
73%
El Comienzo 21 Weeks #5 Grupo Frontera & Bad Bunny Un X100to
59%
Sigan Hablando 20 Weeks #25 Fuerza Regida & Grupo Frontera Bebe Dame
55%
Non-Album Single 20 Weeks #48 Fuerza Regida & Grupo Frontera Me Jalo
55%
Don't Stop the Magic 3 Weeks #89 Grupo Marca Registrada & Grupo Frontera Di Que Si
50%
El Comienzo 20 Weeks #67 Grupo Frontera & Grupo Firme El Amor De Su Vida
50%
Genesis (Deluxe Edition) 14 Weeks #43 Peso Pluma & Grupo Frontera Tulum
50%
El Comienzo 20 Weeks #50 Carin Leon & Grupo Frontera Que Vuelvas
45%
Non-Album Single 16 Weeks #69 Yahritza y Su Esencia & Grupo Frontera Fragil
41%
No matching quizzes found
Score Distribution
Percent of People with Each Score
Percentile by Number Answered
Your Score History
You have not taken this quiz since the last reset